000 00627nam a2200217 a 4500
001 40823
003 BD-RjUL
005 20211209053301.0
008 160510s1975 cc 000 0 eng
035 _a(BD-RjUL) 40938
040 _aDLC
_cDLC
_dMYG
_dBD-RjUL
_beng
041 1 _aeng
082 _223
_a342.51023
_bCON 1975
110 1 _aChina.
_tHsien fa (1975).
_lEnglish.
_9125626
245 1 4 _aThe Constitution of the People's Republic of China /
250 _a1st ed.
260 _aPeking :
_bForeign Languages Press,
_c1975
300 _a61 p. ;
_c19 cm.
650 0 _aConstitutional law
_zChina.
_9125627
942 _2ddc
_cBK
999 _c40823
_d40823